| 000 | 00638nam a2200229Ia 4500 | ||
|---|---|---|---|
| 003 | OSt | ||
| 005 | 20220918182215.0 | ||
| 006 | a|||||r|||| 00| 0 | ||
| 007 | ta | ||
| 008 | 220917b |||||||| |||| 00| 0 eng d | ||
| 024 | _a31,244 | ||
| 037 | _cTextual | ||
| 040 |
_aARTS _cARTS _beng |
||
| 041 |
_2eng _aeng |
||
| 082 | _aO111,6L09:gx, J3 (EO) | ||
| 100 |
_aChapman R W _941698 |
||
| 245 | 0 | _aJohnson and other essays and reviews | |
| 260 |
_aLondon _bOxford University Press _c1953 |
||
| 650 | _aENGLISH LITERATURE | ||
| 942 |
_hO111,6L09:gx, J3 (EO) _cTEXL _2CC |
||
| 999 |
_c168187 _d168187 |
||